Metallica Songs By Picture Hint - Statistics

General Stats
  • This quiz has been taken 2,418 times
    2,356 since last reset
  • The average score is 11 of 16
Answer Stats
Picture Answer % Correct
One
98%
Enter Sandman
97%
Battery
93%
For Whom The Bell Tolls
92%
Ride The Lightning
81%
Fuel
80%
Master Of Puppets
80%
The Four Horsemen
76%
Whiskey In The Jar
74%
Fade To Black
71%
St. Anger
70%
Turn The Page
64%
Orion
60%
Trapped Under Ice
47%
Sanitarium
29%
Leper Messiah
22%
No matching quizzes found
Score Distribution
Percent of People with Each Score
Percentile by Number Answered
Your Score History
You have not taken this quiz since the last reset